02124cam a22004817a 4500003000500000005001700005008004100022010001000063011001000073020001500083035001000098040000900108082001700117111010600134245013800240260007800378300003100456590004100487590004100528590004100569590004100610590004100651590004100692590004100733590004200774650003400816650003200850650004800882650004400930700004500974700003301019700004801052710004501100790005501145901000701200905002301207942001001230949005701240949006201297999001701359952012901376952013701505CHAP20220817043431.0980408d1997 mx b r 10010 spa d a75290 a76262 a9688393345 a85841 cCHAP04a581.151bS4500aSeminario-Taller sobre Manejo de Recursos Genéticos Forestales (d1995 :cChapingo, Méx.)910437710aManejo de recursos genéticos forestales :bdocumentos presentadosc/ed. por J. Jesús Vargas H., Basilio Bermejo V. y Thomas Ledig0 aMontecillo, Méx. :bColegio de Postgraduados. Programa Forestal,c1997. a252 p. :bgráfs. ; mapas aBATCH-UPDb10c20130110lUCH01h0036 aBATCH-UPDb10c20130110lUCH01h0750 aBATCH-UPDb10c20130111lUCH01h0003 aBATCH-UPDb10c20130409lUCH01h2019 aBATCH-UPDb10c20130410lUCH01h0430 aBATCH-UPDb10c20130914lUCH01h0608 aBATCH-UPDb10c20130914lUCH01h2110 aCONVERSIONb10c20130109lUCH01h134114aÁrbolesxGermoplasma.9660314aGenética forestal.94748914aRecursos forestalesxConservación.99504414aRecursos genéticosxCongresos.9950800 aBermejo Velázquez, Basilioeed.9118430 aLedig, F. Thomaseed.9655660 aVargas Hernández, J. Jesúseed.91180230 aUACH. División de Ciencias Forestales.0 aPrograma Nacional de Reforestación (1995 - 2000) aBK aGuadalupe Pinto C. cLIBRO a581.151 S45bBCcCONGd858411eCONGh92508i85841sb a581.151 S45bBCcUACHd858412eUACHfc.2h92509i85841sb c75290d75290 00102ddc4051708CONGaBCbBCcPA_CONGd2019-12-31fLIBROl0o581.151 S45p858411r2019-12-31 00:00:00w2019-12-31yLIBRO 00104051708UACHaBCbBCcPA_UACHd2019-12-31fLIBROl0o581.151 S45p33724002466306r2019-12-31 00:00:00tc.2w2019-12-31yLIBRO